|
|
|
|
| LEADER |
01522nam a2200301 a 4500 |
| 001 |
12294358 |
| 008 |
090716s1999 enk 000 1 eng d |
| 010 |
|
|
|a 2001320942
|
| 020 |
|
|
|a 0099284820
|
| 040 |
|
|
|a *UKM*
|c *UKM*
|d CStRLIN
|d DLC
|
| 082 |
0 |
0 |
|a 823/.914
|2 21
|
| 100 |
1 |
|
|a Coetzee, J. M.,
|d 1940-
|
| 245 |
1 |
0 |
|a Disgrace /
|c J.M. Coetzee.
|
| 260 |
|
|
|a London :
|b Secker & Warburg,
|c 1999.
|
| 300 |
|
|
|a 219 p. ;
|c 23 cm.
|
| 541 |
1 |
|
|e 00014213
|
| 650 |
|
0 |
|a Fathers and daughters
|v Fiction.
|
| 650 |
|
0 |
|a Veterinarians
|v Fiction.
|
| 650 |
|
0 |
|a Farm life
|v Fiction.
|
| 651 |
|
0 |
|a South Africa
|v Fiction.
|
| 655 |
|
7 |
|a Domestic fiction.
|2 lcsh
|
| 852 |
4 |
|
|a Ayesha Abed Library
|j General Shelf.
|
| 942 |
0 |
0 |
|0 1
|
| 999 |
|
|
|c 2742
|d 2742
|
| 952 |
|
|
|0 0
|1 0
|2 ddc
|4 0
|6 823_914000000000000_COE_2000
|7 0
|9 2519
|a BRACUL
|b BRACUL
|c GEN
|d 2009-07-23
|l 11
|m 55
|o 823.914 COE
|p 3010014213
|q 2026-06-02
|r 2026-05-17
|s 2026-05-17
|t 1
|w 2009-07-23
|y BK
|
| 952 |
|
|
|0 0
|1 0
|2 ddc
|4 0
|6 823_000000000000000__914_COE_2000
|7 0
|9 7594
|a BRACUL
|b BRACUL
|c GEN
|d 2010-01-31
|l 21
|m 56
|o 823.914 COE
|p 3010014215
|r 2026-02-01
|s 2025-11-30
|t 2
|w 2010-01-31
|y BK
|
| 952 |
|
|
|0 0
|1 0
|2 ddc
|4 0
|6 823_914000000000000_COE_2000
|7 0
|9 9230
|a BRACUL
|b BRACUL
|c GEN
|d 2010-04-15
|l 7
|m 46
|o 823.914 COE
|p 3010014214
|q 2020-10-05
|r 2019-10-20
|s 2019-10-20
|t 3
|w 2010-04-15
|y BK
|
| 952 |
|
|
|0 0
|1 0
|2 ddc
|4 0
|6 823_914000000000000_COE
|7 0
|9 43840
|a BRACUL
|b BRACUL
|c GEN
|d 2014-10-16
|e Friends book corner
|g 80.00
|l 2
|m 15
|o 823.914 COE
|p 3010028446
|r 2026-02-01
|s 2025-12-07
|t 4
|w 2014-10-16
|y BK
|x Transferred from BIL to BRACUL on 06/06/22
|